000 00530cam a22002291 4500
001 sa 64009085
003 DLC
005 20260227112059.0
008 920402s1962 ii 000 0 tamo
010 _asa 64009085
035 _a(OCoLC)25580117
040 _aDLC
_cWaU
_dDLC
042 _apremarc
050 0 0 _aPL4758.9.A1
_bC3
245 0 0 _aCāṇakkiyan̲ paricu.
260 _c[1962]
300 _a156 p.
_c19 cm.
500 _aIn Tamil.
500 _aA play.
600 0 0 _aKauṭalya
_vDrama.
700 1 _aR., N. J.
999 _c61249
_d61249